Spanyolországi migráció

Bibliographic Details
Main Author: Bata Enikő
Other Authors: Lakatos-Báldy Dr Zsuzsanna
Format: Thesis
Kulcsszavak:Migráció
Spanyolország
Nemzetközi migráció
Online Access:http://dolgozattar.uni-bge.hu/1869

MARC

LEADER 00000nta a2200000 i 4500
001 dolg1869
005 20160216102648.0
008 150824suuuu hu om 000 hun d
040 |a BGE Dolgozattár Repozitórium  |b hun 
041 |a hu 
100 1 |a Bata Enikő 
245 1 0 |a Spanyolországi migráció  |c Bata Enikő  |h [elektronikus dokumentum] 
695 |a Migráció 
695 |a Spanyolország 
695 |a Nemzetközi migráció 
700 1 |a Lakatos-Báldy Dr Zsuzsanna  |e ths 
856 4 0 |u http://dolgozattar.uni-bge.hu/1869/1/bata_eniko_uicces.pdf  |z Dokumentum-elérés